00462 a2200145 4500001000700000003000400007005001700011008004100028082002000069245004300089260003700132300001000169653011100179700002600290068756OSt20220312161743.0  a828.91209bT57J1 aJ.R.R. Tolkiencedited by Harold Bloom aRhode IslanbChelsea Housec2000 a174p. aTolkien, J. R. R. (John Ronald Reuel), 1892-1973; Middle Earth (Imaginary place); Fantasy fiction, English aBloom, HaroldeEditor